[Event "Paris-ch op"]
[Site "Paris"]
[Date "1991.??.??"]
[Round "8"]
[White "Kharlov, Andrei"]
[Black "Pira, Davoud"]
[Result "1-0"]
[WhiteElo "2450"]
[BlackElo "2345"]
[PlyCount "71"]
[EventDate "1991.05.??"]
[EventType "swiss"]
[EventRounds "9"]
[EventCountry "FRA"]
[SourceTitle "TD"]
[Source "ChessBase"]
[SourceDate "1994.03.01"]
[SourceVersion "1"]
[SourceVersionDate "1994.03.01"]
[SourceQuality "1"]

1. e4 c5 2. Nf3 e6 3. c3 d5 4. e5 d4 5. cxd4 cxd4 6. Bb5+ Nc6 7. Bxc6+ bxc6 8.
Qa4 Qb6 9. b3 Ba6 10. Ba3 Ne7 11. Qxd4 Nd5 12. Bxf8 Kxf8 13. Qxb6 axb6 14. d4
Nf4 15. Kd2 c5 16. Nc3 Nxg2 17. Rhf1 Nf4 18. Na4 Bb7 19. Nxb6 Rd8 20. Ke3 Ng6
21. dxc5 Bxf3 22. Kxf3 Nxe5+ 23. Ke4 Nc6 24. Rad1 f5+ 25. Ke3 Kf7 26. a3 e5 27.
b4 Nd4 28. Rc1 f4+ 29. Ke4 Ne2 30. c6 Rd4+ 31. Kf3 Ng1+ 32. Rxg1 Rd3+ 33. Ke4
Rc3 34. Nd7 g6 35. Nxe5+ Ke6 36. Rge1 1-0

[Event "Paris-ch op"]
[Site "Paris"]
[Date "1991.??.??"]
[Round "9"]
[White "Boudre, Jean Pierre"]
[Black "Kharlov, Andrei"]
[Result "0-1"]
[WhiteElo "2365"]
[BlackElo "2450"]
[PlyCount "94"]
[EventDate "1991.05.??"]
[EventType "swiss"]
[EventRounds "9"]
[EventCountry "FRA"]
[SourceTitle "TD"]
[Source "ChessBase"]
[SourceDate "1994.03.01"]
[SourceVersion "1"]
[SourceVersionDate "1994.03.01"]
[SourceQuality "1"]

1. e4 c5 2. Nf3 Nc6 3. d4 cxd4 4. Nxd4 Nf6 5. Nc3 e5 6. Ndb5 d6 7. Bg5 a6 8.
Na3 b5 9. Bxf6 gxf6 10. Nd5 Bg7 11. Bd3 Ne7 12. Nxe7 Qxe7 13. c3 f5 14. Nc2 Qb7
15. exf5 Qxg2 16. Rf1 Bb7 17. Ne3 Qxh2 18. Qg4 Bh6 19. Be4 O-O-O 20. Bxb7+ Kxb7
21. Qe4+ Ka7 22. Nd5 Qh5 23. a4 b4 24. Rh1 Qg5 25. Nxb4 d5 26. Qd3 Rd6 27. Rd1
Rhd8 28. Qf3 e4 29. Qh5 Qf6 30. Qg4 R8d7 31. Kf1 Bf8 32. Rxh7 a5 33. Nc2 Rb6
34. Ne3 Rbd6 35. Qg8 Bh6 36. Ng4 Qh4 37. Ne5 Qh3+ 38. Qg2 Qxf5 39. Nxd7 Qxh7
40. Ne5 Qf5 41. Nc4 Rg6 42. Qh2 Bf4 43. Qh4 dxc4 44. Qe7+ Ka6 45. Rd8 Qh3+ 46.
Ke2 Qf3+ 47. Kf1 e3 0-1

[Event "URS-ch58"]
[Site "Moscow"]
[Date "1991.??.??"]
[Round "1"]
[White "Yudasin, Leonid"]
[Black "Kharlov, Andrei"]
[Result "0-1"]
[WhiteElo "2595"]
[BlackElo "2515"]
[Annotator "Blatny,P"]
[PlyCount "77"]
[EventDate "1991.11.??"]
[EventType "swiss"]
[EventRounds "11"]
[EventCountry "URS"]
[SourceTitle "URS-ch"]
[Source "ChessBase"]
[SourceDate "1999.07.01"]
[SourceVersion "1"]
[SourceVersionDate "1999.07.01"]
[SourceQuality "1"]

1. e4 c5 2. Nf3 Nc6 3. d4 cxd4 4. Nxd4 Nf6 5. Nc3 e5 6. Ndb5 d6 7. Nd5 Nxd5 8.
exd5 Nb8 (8... Ne7 {--> CBM24-26}) 9. c4 Be7 10. Be2 a6 11. Nc3 f5 12. O-O O-O
13. a3 (13. b4 a5) 13... Nd7 14. b4 e4 (14... Bf6 {/\Be3 f4}) 15. Be3 (15. Bf4
Bf6 $1 {/\ Be5=}) 15... Bf6 16. Bd4 Be5 {><d6, /^b8-h2, Q->} 17. Bxe5 Nxe5 {[+]
} 18. Qd4 Bd7 (18... f4 $5 19. Nxe4 f3 20. gxf3 Qh4) 19. c5 Qf6 {/\Nf3 -+} (
19... Qe7 20. Rfc1 Rfc8 21. Nd1 {/\ Ne3+/-}) 20. Rfd1 Rfc8 21. Rac1 Rc7 22. h3
Qe7 {קc5} 23. Kf1 (23. cxd6 $2 Qxd6 24. Nxe4 $4 fxe4 25. Rxc7 Qxc7 26. d6 Qc2
$1 $19) 23... Re8 {/\dc5} 24. c6 (24. cxd6 Qxd6 $17) (24. Nb1 Ba4 25. cxd6 (25.
Rd2 Nd7 26. cxd6 Qxd6 27. Rxc7 Qxc7 28. d6) 25... Qxd6 26. Rxc7 Qxc7 27. d6 Qc6
28. Re1) 24... bxc6 25. dxc6 Rxc6 (25... Bxc6 26. Qxd6) 26. Nd5 Qf7 27. Rxc6 (
27. Nc7 Rd8 $1 28. Nxa6 f4 $1 $40) 27... Nxc6 (27... Bxc6 28. Bxa6) 28. Qb6 {
><a6} (28. Qc4 {/\Nc7} Ne5 29. Qxa6) (28. Qd2 $5 $13) 28... f4 {->} 29. Bxa6
Qh5 {צd1,Ph3} (29... f3 $5) 30. Rc1 (30. Rc1 $1 f3 31. Nf4 fxg2+ 32. Kg1 Qg5
33. Rxc6 Qxf4 34. Rc3 Qd2 $5 35. Rg3 $4 e3 $1 36. Rxe3 Qc1+ 37. Kxg2 Bc6+ 38.
f3 Rxe3 {0-1 Yudasin,L-Kharlov,A/URS-ch 1991}) 30... f3 {><h3} 31. Nf4 fxg2+
32. Kg1 (32. Nxg2 Qxh3 (32... Ne5 $40) 33. Rxc6 Qh1+ 34. Ke2 Bg4+ 35. Ke3 Qxg2
$40) 32... Qg5 33. Rxc6 (33. Ne2 Ne5 $19) 33... Qxf4 34. Rc3 {><e3,Ph3} Qd2 35.
Rg3 e3 36. Rxe3 (36. fxe3 Qc1+ 37. Kxg2 Bc6+ $40) 36... Qc1+ 37. Kxg2 Bc6+ 38.
f3 (38. Kg3 Qg1+ 39. Kh4 Qxf2+ $19) 38... Rxe3 $19 39. Qxe3 $138 0-1

[Event "URS-ch58"]
[Site "Moscow"]
[Date "1991.??.??"]
[Round "4"]
[White "Kharlov, Andrei"]
[Black "Dokhoian, Yury"]
[Result "1/2-1/2"]
[WhiteElo "2515"]
[BlackElo "2545"]
[Annotator "Knaak,R"]
[PlyCount "40"]
[EventDate "1991.11.??"]
[EventType "swiss"]
[EventRounds "11"]
[EventCountry "URS"]
[SourceTitle "URS-ch"]
[Source "ChessBase"]
[SourceDate "1999.07.01"]
[SourceVersion "1"]
[SourceVersionDate "1999.07.01"]
[SourceQuality "1"]

1. e4 e6 2. d4 d5 3. e5 c5 4. c3 Nc6 5. Nf3 Bd7 6. Be2 Nge7 7. O-O cxd4 8. cxd4
Nf5 9. Nc3 a6 $5 (9... Be7 10. g4 $1 Nh4 11. Nxh4 Bxh4 12. Be3 O-O 13. f4 f6
14. exf6 Bxf6 15. Rc1 g6 16. Qd2 Bg7 {+/=/= Nunn-Anand/Munich/1991}) 10. Be3
Be7 11. Bd3 Nxe3 12. fxe3 O-O 13. e4 Nb4 14. exd5 (14. Bb1 Bc6 $1 15. a3 dxe4)
14... exd5 $10 15. Bb1 Be6 16. Ne2 Nc6 17. Qb3 Qd7 18. Nf4 g6 19. Qe3 Rae8 20.
Bc2 Bd8 1/2-1/2

[Event "URS-ch58"]
[Site "Moscow"]
[Date "1991.??.??"]
[Round "9"]
[White "Kharlov, Andrei"]
[Black "Ulibin, Mikhail"]
[Result "1-0"]
[WhiteElo "2515"]
[BlackElo "2565"]
[Annotator "Ribli"]
[PlyCount "101"]
[EventDate "1991.11.??"]
[EventType "swiss"]
[EventRounds "11"]
[EventCountry "URS"]
[SourceTitle "URS-ch"]
[Source "ChessBase"]
[SourceDate "1999.07.01"]
[SourceVersion "1"]
[SourceVersionDate "1999.07.01"]
[SourceQuality "1"]

1. c4 Nf6 2. g3 e6 3. Bg2 d5 4. Nf3 Be7 5. O-O O-O 6. b3 c5 7. Bb2 b6 8. cxd5
Nxd5 9. d4 $5 cxd4 (9... Bb7 10. dxc5 $1 Bxc5 11. Nbd2 Na6 12. a3 Be7 13. b4
Rc8 14. Qb3 Nf6 $14 {Spraggett,K-Magem Badals,J Terrassa 1990 CBM/19}) 10. Nxd4
Bb7 11. e4 Nf6 (11... Nb4 $5 12. Nc3 N8c6 13. Nxc6 Bxc6 $13) 12. Nc3 Bb4 13.
Re1 Na6 14. a3 Bxc3 15. Bxc3 Nc5 16. f3 Qe7 17. Ra2 $1 Rac8 18. Re3 Rfd8 19.
Rd2 $14 Qe8 20. b4 Na4 21. Ba1 b5 22. Nb3 Rxd2 23. Qxd2 Rd8 24. Rd3 Rxd3 25.
Qxd3 Qd7 26. Bf1 Qxd3 27. Bxd3 a6 28. Na5 Bc8 29. Kf2 Kf8 30. Ke3 Nd7 31. f4 f6
32. Bc2 Ndb6 33. Bd4 Ke8 34. g4 Bd7 35. Bb3 $16 Nc8 36. h4 Ne7 37. g5 fxg5 38.
hxg5 g6 39. Nb7 Nc8 40. Nc5 Nxc5 41. Bxc5 Ne7 42. Bxe7 $1 $18 Kxe7 43. e5 Kd8
44. Kd4 Kc8 45. Kc5 Kc7 46. Bd1 Be8 47. Bf3 Bd7 48. Bg4 Bc8 49. Bd1 Bd7 50. Bb3
Bc8 51. a4 1-0

[Event "EU-Cup final Bayern-Cheliabinsk"]
[Site "Bayern"]
[Date "1992.??.??"]
[Round "?"]
[White "Hjartarson, Johann"]
[Black "Kharlov, Andrei"]
[Result "1/2-1/2"]
[WhiteElo "2595"]
[BlackElo "2555"]
[Annotator "Hjartarson"]
[PlyCount "53"]
[EventDate "1992.??.??"]
[EventType "team"]
[EventRounds "1"]
[EventCountry "GER"]
[SourceTitle "CBM 033"]
[Source "ChessBase"]
[SourceDate "1993.04.01"]
[SourceVersion "1"]
[SourceVersionDate "1993.04.01"]
[SourceQuality "1"]

1. c4 e6 2. Nc3 d5 3. d4 c6 4. e3 Nf6 5. Nf3 Nbd7 6. Bd3 dxc4 7. Bxc4 b5 8. Bd3
b4 9. Ne4 Bb7 10. Nxf6+ gxf6 $5 {TN} 11. a3 (11. e4 c5 12. d5 $6 (12. O-O cxd4
13. Nxd4 a6 $1 $10 14. Be3 Nc5 15. Bc2) 12... exd5 13. exd5 Bxd5 14. O-O Qb6
15. Re1+ Be6 16. a3 b3 $1 $15 {Lerner,K-Kharlov,A, Sympheropol, 1992}) (11. O-O
$5 c5 (11... Bg7 $6 12. a3 bxa3 13. b4 $1 $16) 12. dxc5 Bxc5 13. Qe2 Rg8 14. e4
$14) 11... c5 (11... Rg8 $5 12. O-O bxa3 13. bxa3 c5 14. Rb1 Rb8 15. e4 cxd4
16. Nxd4 Bc5 17. Nf3 $14) 12. O-O (12. axb4 $2 cxd4 $1 $15) 12... bxa3 13. bxa3
Bg7 14. Rb1 Bxf3 $5 15. Qxf3 cxd4 16. exd4 O-O 17. Bf4 (17. Qg3 f5 18. d5 Ne5
$1 19. Bh6 Qf6 $10) (17. a4 $1 Kh8 (17... f5 $2 18. Ba3 Re8 19. Bb5 $16) 18.
Ba3 Rg8 19. Qh3 f5 20. d5 Ne5 21. Rfd1 $14) 17... Nb6 18. Qg3 Kh8 (18... f5 $2
19. Bd6 Re8 20. Bb5 $16) 19. Bc7 $5 (19. Rfd1 Nd5 $10) 19... Qxd4 20. Rfd1 Qc3
$1 21. Rdc1 Qd2 $1 (21... Qxa3 $6 22. Bd6 Qa4 23. Bxf8 Rxf8 24. Ra1 $16) (21...
Qd4 $2 22. Rb4 $1 Qd5 23. Rg4 Rg8 24. Qh3 f5 25. Rh4 $18) 22. Bf4 (22. Rc2 $2
Qg5 $15) 22... Qa2 $8 23. Bxh7 $8 Kxh7 24. Qh4+ Kg8 25. Qg3 Kh7 $8 26. Qh4+ Kg8
27. Qg3 1/2-1/2

[Event "EU-Cup final Bayern-Cheliabinsk"]
[Site "Bayern"]
[Date "1992.??.??"]
[Round "?"]
[White "Kharlov, Andrei"]
[Black "Hjartarson, Johann"]
[Result "0-1"]
[WhiteElo "2555"]
[BlackElo "2595"]
[Annotator "Hjartarson"]
[PlyCount "142"]
[EventDate "1992.??.??"]
[EventType "team"]
[EventRounds "1"]
[EventCountry "GER"]
[SourceTitle "CBM 033"]
[Source "ChessBase"]
[SourceDate "1993.04.01"]
[SourceVersion "1"]
[SourceVersionDate "1993.04.01"]
[SourceQuality "1"]

1. e4 e5 2. Nf3 Nc6 3. Bb5 a6 4. Ba4 Nf6 5. O-O Be7 6. Re1 b5 7. Bb3 d6 8. c3
O-O 9. d3 Na5 10. Bc2 c5 11. Nbd2 Re8 12. Nf1 h6 $1 (12... Bf8 13. Bg5 $1 h6
14. Bh4 g6 15. Ne3 Bg7 16. h3 Be6 17. d4 $14 {Smirin-Malanjuk, URS-56ch 1988})
13. d4 (13. h3 Bf8 14. N3h2 $6 d5 $1 $10 15. Qf3 d4 16. g4 $6 (16. Ng4 $10)
16... Nh7 $15 {Kharlov,A-Ibragimov,I URS-chJ, Kherson 1991}) 13... Qc7 (13...
cxd4 $5 14. cxd4 Qc7 15. Ne3 Bd7 16. b3 $14) (13... exd4 14. cxd4 Bf8 $6 (14...
cxd4 15. Nxd4 Bf8 16. b3 $14) 15. b3 (15. d5 $1 g6 16. b3 $16) 15... Nc6 $2 (
15... cxd4 16. Nxd4 g6 17. Bb2 Bg7 $14) 16. d5 Ne5 17. Nxe5 dxe5 18. a4 $16 {
Kharlov,A-Galdunts,S URS-chJ Kherson 1991}) 14. d5 Bd7 (14... c4 $1 $10) 15. b3
Bf8 16. h3 g6 17. Be3 c4 $1 (17... Bg7 18. N3d2 $1 c4 19. b4 Nb7 20. a4 a5 21.
axb5 Bxb5 (21... axb4 $2 22. b6 $16) 22. Ba4 $1 Bd7 (22... Qd7 $2 23. Nxc4 $1
Bxa4 24. Rxa4 $16 Nxe4 $2 25. Nb6 Qd8 26. Qc2 $18) 23. Bxd7 Nxd7 24. Ra4 $14)
18. b4 Nb7 19. Qd2 (19. a4 a5 $1 20. bxa5 Rxa5 21. axb5 Bxb5 $10) 19... h5 20.
N3h2 a5 21. a3 Ra6 $10 22. f3 Rea8 23. Rac1 axb4 24. axb4 Ra2 25. Re2 R8a3 (
25... Be7 26. Qe1 Qd8 27. Bb1 Rxe2 28. Qxe2 Nh7 29. Rc2 Ra1 30. Rb2 Bg5 $15)
26. Qe1 Qd8 27. Bb1 Rxe2 28. Qxe2 Nh7 29. Qd2 Bg7 (29... Be7 $5 30. f4 $1 (30.
Rc2 $2 Ra1 31. Rb2 Bg5 32. Bxg5 Qxg5 $15) 30... exf4 31. Bxf4 Bg5 32. Nf3 Bxf4
33. Qxf4 Qf6 34. Qe3 $1 $13) 30. Rc2 Ra1 31. Rb2 Bf6 32. Qc2 Bg5 $2 (32... Qa8
33. Ra2 Rxa2 34. Qxa2 Qxa2 35. Bxa2 h4 $10) 33. Ra2 Rxa2 34. Qxa2 Bxe3+ 35.
Nxe3 Qb6 36. Nhf1 Nd8 37. h4 f6 38. Qa8 $14 Kg7 39. Kf2 Nf7 40. Bc2 Nh6 41. Ke2
Nf8 42. Nd2 Kf7 43. Qa5 Qb8 44. g3 Ke8 45. f4 Ng4 46. Ndf1 Nh6 (46... Nxe3 $6
47. Nxe3 Nh7 48. Kf2 Ke7 49. Bd1 $16) 47. f5 $6 (47. Kf2 Ke7 48. Bd1 $14 Be8)
47... g5 48. Bd1 Ke7 49. Nc2 g4 50. Nfe3 Nf7 51. Kd2 Qb7 52. Na3 Be8 53. Be2
Nd8 54. Bxc4 $5 (54. Bf1 Nf7 $8 55. Naxc4 $5 bxc4 56. Bxc4 Nd8 57. Bd3 Nd7 58.
c4 $13) 54... bxc4 55. Nexc4 Nf7 56. Ne3 Nd7 57. c4 Nd8 58. c5 dxc5 59. Nb5 $4
(59. d6+ Kf8 (59... Kxd6 $2 60. Nac4+ Kc6 $8 61. Qxd8 Qxb4+ 62. Ke2 $18) 60.
Qxd8 Qxb4+ 61. Ke2 Qxa3 62. Qe7+ Kg8 63. Qxe8+ Nf8 64. d7 Qb2+ $10) 59... Nf7
60. d6+ Kf8 61. Nd5 cxb4 62. Qxb4 Qc6 63. Nxf6 $2 (63. Ndc7 Qb6 $17) 63... Nxf6
64. d7+ Kg7 65. dxe8=N+ Qxe8 $19 66. Ke3 Qc6 67. Nc3 Nd6 68. Kd3 Nfxe4 $1 69.
Nxe4 Qd5+ 70. Ke3 Nc4+ 71. Kf2 Qd4+ $1 0-1

[Event "RUS-chT"]
[Site "Podolsk"]
[Date "1992.??.??"]
[Round "?"]
[White "Kharlov, Andrei"]
[Black "Sakaev, Konstantin"]
[Result "1/2-1/2"]
[WhiteElo "2545"]
[BlackElo "2500"]
[PlyCount "104"]
[EventDate "1992.??.??"]
[EventType "team"]
[EventRounds "12"]
[EventCountry "RUS"]
[SourceTitle "EXT 1997"]
[Source "ChessBase"]
[SourceDate "1996.11.15"]
[SourceVersion "1"]
[SourceVersionDate "1996.11.15"]
[SourceQuality "1"]

1. e4 c5 2. c3 e6 3. d4 d5 4. e5 Nc6 5. Nf3 Bd7 6. Be2 Nge7 7. O-O Ng6 8. Be3
Be7 9. dxc5 Qc7 10. Na3 Ncxe5 11. Nxe5 Nxe5 12. Nb5 Bxb5 13. Bxb5+ Nc6 14. c4
Rd8 15. cxd5 exd5 16. Bxc6+ Qxc6 17. Bd4 O-O 18. b4 Bf6 19. a4 a6 20. b5 axb5
21. axb5 Qxb5 22. Bxf6 gxf6 23. Qg4+ Kh8 24. Qd4 Qc6 25. Rab1 Rde8 26. Rb6 Re4
27. Qb2 Qxc5 28. Qxf6+ Kg8 29. Rxb7 d4 30. Rd7 Qe5 31. Qxe5 Rxe5 32. Rxd4 Rfe8
33. Rg4+ Kf8 34. h3 Re4 35. Rg3 Re1 36. Rxe1 Rxe1+ 37. Kh2 Re2 38. f3 Re5 39.
Rg4 Ra5 40. Kg3 Rb5 41. Kh4 h6 42. Ra4 Kg7 43. g4 Rb3 44. Kg3 Rc3 45. Ra5 Rb3
46. h4 Rb1 47. Kf4 Rh1 48. h5 Rf1 49. Ke4 Re1+ 50. Kf5 Rf1 51. f4 Rf2 52. Ra6
Rh2 1/2-1/2

[Event "RUS-chT"]
[Site "Podolsk"]
[Date "1992.??.??"]
[Round "?"]
[White "Kharlov, Andrei"]
[Black "Varavin, Viktor"]
[Result "1/2-1/2"]
[WhiteElo "2545"]
[BlackElo "2465"]
[PlyCount "56"]
[EventDate "1992.??.??"]
[EventType "team"]
[EventRounds "12"]
[EventCountry "RUS"]
[SourceTitle "EXT 1997"]
[Source "ChessBase"]
[SourceDate "1996.11.15"]
[SourceVersion "1"]
[SourceVersionDate "1996.11.15"]
[SourceQuality "1"]

1. e4 e5 2. Nf3 Nc6 3. Bb5 a6 4. Ba4 Nf6 5. O-O Be7 6. Re1 b5 7. Bb3 d6 8. c3
O-O 9. d3 Na5 10. Bc2 c5 11. Nbd2 Nc6 12. Nf1 Nd7 13. a4 Nb6 14. Ne3 Nxa4 15.
Bxa4 bxa4 16. Rxa4 Bd7 17. Nd2 Kh8 18. Ndc4 Ra7 19. Bd2 g6 20. Nd5 f5 21. Nxe7
Qxe7 22. exf5 Bxf5 23. Bh6 Rf7 24. d4 cxd4 25. cxd4 Qh4 26. Qd2 Rad7 27. Rxa6
Be4 28. d5 Bxd5 1/2-1/2

[Event "RUS-chT"]
[Site "Podolsk"]
[Date "1992.??.??"]
[Round "?"]
[White "Rublevsky, Sergei"]
[Black "Kharlov, Andrei"]
[Result "1-0"]
[WhiteElo "2505"]
[BlackElo "2545"]
[PlyCount "77"]
[EventDate "1992.??.??"]
[EventType "team"]
[EventRounds "12"]
[EventCountry "RUS"]
[SourceTitle "EXT 1997"]
[Source "ChessBase"]
[SourceDate "1996.11.15"]
[SourceVersion "1"]
[SourceVersionDate "1996.11.15"]
[SourceQuality "1"]

1. e4 c5 2. Nf3 Nc6 3. d4 cxd4 4. Nxd4 Nf6 5. Nc3 e5 6. Ndb5 d6 7. a4 a6 8. Na3
Be6 9. Bc4 Rc8 10. Bg5 Be7 11. Bxf6 Bxf6 12. Nd5 O-O 13. O-O Bg5 14. c3 Kh8 15.
Ba2 Ne7 16. Nxe7 Qxe7 17. Nc2 f5 18. Bxe6 Qxe6 19. exf5 Rxf5 20. Qe2 Qf7 21.
Ne3 Bxe3 22. fxe3 h6 23. Qg4 Rf8 24. Rxf5 Qxf5 25. Qxf5 Rxf5 26. Rf1 Rf6 27.
Rxf6 gxf6 28. e4 b5 29. axb5 axb5 30. Kf2 Kg7 31. Ke2 h5 32. Kf3 Kg6 33. g4 h4
34. Ke3 h3 35. Kf3 Kf7 36. Kg3 Ke6 37. Kxh3 d5 38. Kg3 dxe4 39. Kf2 1-0

[Event "RUS-chT"]
[Site "Podolsk"]
[Date "1992.??.??"]
[Round "?"]
[White "Sergienko, Sergey"]
[Black "Kharlov, Andrei"]
[Result "1/2-1/2"]
[WhiteElo "2370"]
[BlackElo "2545"]
[PlyCount "86"]
[EventDate "1992.??.??"]
[EventType "team"]
[EventRounds "12"]
[EventCountry "RUS"]
[SourceTitle "EXT 1997"]
[Source "ChessBase"]
[SourceDate "1996.11.15"]
[SourceVersion "1"]
[SourceVersionDate "1996.11.15"]
[SourceQuality "1"]

1. d4 d5 2. c4 dxc4 3. e4 Nf6 4. e5 Nd5 5. Bxc4 Nb6 6. Bb3 Bf5 7. Ne2 e6 8. O-O
Nc6 9. Nbc3 Be7 10. Be3 O-O 11. Ng3 Bg6 12. f4 Na5 13. d5 Nxb3 14. Qxb3 Bd3 15.
d6 cxd6 16. Rfd1 dxe5 17. Nce4 exf4 18. Rxd3 Qb8 19. Bxb6 fxg3 20. Be3 gxh2+
21. Kh1 b6 22. Rd7 Qe5 23. Nd2 Bc5 24. Bxc5 Qxc5 25. Qd3 a5 26. Ne4 Qe5 27. Rf1
f6 28. Nc3 Kh8 29. Rd1 Rab8 30. a4 Qg5 31. Qd6 f5 32. Qe5 Rbe8 33. Ne4 Qg4 34.
Nf2 Qg6 35. Nh3 Qf6 36. Qxf6 Rxf6 37. Nf4 g5 38. Nd3 e5 39. Rc1 e4 40. Ne5 Kg8
41. Rcc7 Rxe5 42. Rg7+ Kf8 43. Rxh7 Kg8 1/2-1/2

[Event "RUS-chT"]
[Site "Podolsk"]
[Date "1992.??.??"]
[Round "?"]
[White "Skudnov, Sergej"]
[Black "Kharlov, Andrei"]
[Result "1/2-1/2"]
[WhiteElo "2380"]
[BlackElo "2545"]
[PlyCount "101"]
[EventDate "1992.??.??"]
[EventType "team"]
[EventRounds "12"]
[EventCountry "RUS"]
[SourceTitle "EXT 1997"]
[Source "ChessBase"]
[SourceDate "1996.11.15"]
[SourceVersion "1"]
[SourceVersionDate "1996.11.15"]
[SourceQuality "1"]

1. d4 d6 2. c4 f5 3. Nc3 Nf6 4. g3 g6 5. Bg2 Bg7 6. e3 O-O 7. Nge2 e5 8. O-O
Nc6 9. dxe5 Nxe5 10. b3 c6 11. Ba3 Nf7 12. Qc2 Qa5 13. Bb2 Bd7 14. a3 a6 15.
Rad1 b5 16. b4 Qb6 17. Nb1 bxc4 18. Nd2 Ne5 19. Bxe5 dxe5 20. Nxc4 Qc7 21. Na5
e4 22. Nd4 Kh8 23. Rd2 Ng4 24. Rc1 Ne5 25. Naxc6 Nd3 26. Rxd3 exd3 27. Qxd3 Qd6
28. Qc4 Rfc8 29. a4 Bxc6 30. Bxc6 Rab8 31. b5 axb5 32. axb5 Bf6 33. Ra1 Rc7 34.
Ra6 Rbc8 35. Kg2 Re7 36. Qa4 Qc5 37. Ne2 Be5 38. Nf4 Bxf4 39. Qxf4 Kg7 40. Qa4
h5 41. Qd4+ Qe5 42. h4 Kh7 43. Qxe5 Rxe5 44. Ra7+ Kh6 45. Kf3 Rc5 46. Kf4 Rd8
47. Rd7 Rxd7 48. Bxd7 Kg7 49. f3 Kf6 50. e4 Rc4 51. Bc6 1/2-1/2

[Event "RUS-chT"]
[Site "Podolsk"]
[Date "1992.??.??"]
[Round "?"]
[White "Terterians, Vladimir"]
[Black "Kharlov, Andrei"]
[Result "1-0"]
[WhiteElo "2395"]
[BlackElo "2545"]
[PlyCount "57"]
[EventDate "1992.??.??"]
[EventType "team"]
[EventRounds "12"]
[EventCountry "RUS"]
[SourceTitle "EXT 1997"]
[Source "ChessBase"]
[SourceDate "1996.11.15"]
[SourceVersion "1"]
[SourceVersionDate "1996.11.15"]
[SourceQuality "1"]

1. c4 e6 2. Nc3 d5 3. cxd5 exd5 4. d4 c6 5. Bf4 Bd6 6. Bxd6 Qxd6 7. e3 Bf5 8.
Nge2 Nf6 9. Ng3 Bg6 10. h4 h6 11. h5 Bh7 12. Bd3 Bxd3 13. Qxd3 O-O 14. O-O-O
Nbd7 15. Kb1 Qe6 16. Nce2 Nb6 17. Nf4 Qd7 18. f3 a5 19. Nf5 a4 20. Rh3 Kh8 21.
Rg3 Ne8 22. e4 dxe4 23. fxe4 Qc7 24. Rf1 a3 25. Nxh6 gxh6 26. Ng6+ Kg7 27. Ne7+
Kh8 28. Qe3 Qd6 29. Rg6 1-0

[Event "Simferopol/Alushta"]
[Site "Alushta"]
[Date "1992.??.??"]
[Round "?"]
[White "Kharlov, Andrei"]
[Black "Frolov, Artur"]
[Result "1-0"]
[WhiteElo "2555"]
[BlackElo "2510"]
[PlyCount "113"]
[EventDate "1992.??.??"]
[EventType "tourn"]
[EventRounds "9"]
[EventCountry "UKR"]
[EventCategory "10"]
[SourceTitle "EXT 1997"]
[Source "ChessBase"]
[SourceDate "1996.11.15"]
[SourceVersion "1"]
[SourceVersionDate "1996.11.15"]
[SourceQuality "1"]

1. e4 e5 2. Nf3 Nc6 3. Bb5 a6 4. Ba4 Nf6 5. O-O Be7 6. Re1 b5 7. Bb3 d6 8. c3
O-O 9. d3 Nd7 10. Nbd2 Bf6 11. Nf1 Ne7 12. Ne3 Nc5 13. Bc2 Ne6 14. a4 Rb8 15.
axb5 axb5 16. Ng4 Ng6 17. Nxf6+ Qxf6 18. g3 h6 19. d4 Re8 20. Ra7 c5 21. dxe5
dxe5 22. h3 Rb7 23. Rxb7 Bxb7 24. Qe2 c4 25. Be3 Qe7 26. Ra1 Ra8 27. Rxa8+ Bxa8
28. Qd1 Bc6 29. Qa1 Qb7 30. Qb1 Qa8 31. h4 f6 32. b3 cxb3 33. Qxb3 Ngf8 34. Nd2
Kh7 35. Bd3 Qe8 36. Qb4 Nc7 37. Qd6 Qd7 38. Qxd7 Bxd7 39. f4 exf4 40. gxf4 Kg8
41. Nf3 Ng6 42. Kf2 Kf7 43. Kg3 Ne7 44. f5 Ke8 45. Nd4 Kd8 46. Bf4 Nc8 47.
Bxc7+ Kxc7 48. Bxb5 Nd6 49. Bxd7 Kxd7 50. Kf4 Ke7 51. Nc6+ Kd7 52. Na5 h5 53.
Ke3 Nf7 54. Nc4 Ke7 55. Nb6 Ne5 56. Nd5+ Kd6 57. Nf4 1-0

[Event "Simferopol/Alushta"]
[Site "Alushta"]
[Date "1992.??.??"]
[Round "?"]
[White "Kharlov, Andrei"]
[Black "Kuzmin, Gennadi"]
[Result "1-0"]
[WhiteElo "2555"]
[BlackElo "2530"]
[PlyCount "75"]
[EventDate "1992.??.??"]
[EventType "tourn"]
[EventRounds "9"]
[EventCountry "UKR"]
[EventCategory "10"]
[SourceTitle "EXT 1997"]
[Source "ChessBase"]
[SourceDate "1996.11.15"]
[SourceVersion "1"]
[SourceVersionDate "1996.11.15"]
[SourceQuality "1"]

1. e4 e5 2. Nc3 Nf6 3. Bc4 Be7 4. d3 O-O 5. f4 exf4 6. Bxf4 c6 7. e5 Ne8 8. Nf3
d5 9. exd6 Nxd6 10. Bb3 Nd7 11. d4 Nb6 12. O-O Bg4 13. Qd3 Bf5 14. Qe2 Bg4 15.
Rad1 Bf6 16. Qf2 Bh5 17. d5 Bxf3 18. Qxf3 Bxc3 19. dxc6 Bb4 20. cxb7 Rb8 21.
Qc6 Rxb7 22. Rxd6 Bxd6 23. Qxb7 Bc5+ 24. Kh1 Qf6 25. Qe4 g5 26. Qe5 Be7 27.
Qxf6 Bxf6 28. Bb8 Rxb8 29. Rxf6 Rb7 30. h4 gxh4 31. Kh2 Kg7 32. Rf4 h5 33. Kh3
Rc7 34. Kxh4 Kg6 35. c3 f5 36. Bc2 Rf7 37. Bd1 Rh7 38. Rxf5 1-0

[Event "Simferopol/Alushta"]
[Site "Alushta"]
[Date "1992.??.??"]
[Round "?"]
[White "Malaniuk, Vladimir"]
[Black "Kharlov, Andrei"]
[Result "1-0"]
[WhiteElo "2540"]
[BlackElo "2555"]
[PlyCount "87"]
[EventDate "1992.??.??"]
[EventType "tourn"]
[EventRounds "9"]
[EventCountry "UKR"]
[EventCategory "10"]
[SourceTitle "EXT 1997"]
[Source "ChessBase"]
[SourceDate "1996.11.15"]
[SourceVersion "1"]
[SourceVersionDate "1996.11.15"]
[SourceQuality "1"]

1. d4 d5 2. c4 e6 3. Nf3 c6 4. Qc2 Nf6 5. g3 dxc4 6. Qxc4 b5 7. Qb3 Nbd7 8. Bg2
Bb7 9. O-O a6 10. a4 c5 11. axb5 Bd5 12. Qc2 axb5 13. Rxa8 Qxa8 14. Nc3 Bc6 15.
dxc5 b4 16. Nd1 Bxc5 17. Be3 Be7 18. Bg5 Be4 19. Qc4 O-O 20. Ne3 Rc8 21. Qb3
Qa5 22. Bxf6 Bxf6 23. Nd2 Bxg2 24. Nxg2 Qe5 25. Qxb4 Qxe2 26. Nf4 Qe5 27. b3
Rb8 28. Qc4 Qc3 29. Rd1 Nc5 30. Qxc3 Bxc3 31. Ne2 Bxd2 32. Rxd2 Nxb3 33. Rb2
Rb5 34. Nc3 Rb7 35. Ne4 Na5 36. Ra2 Nc6 37. Ra6 Nb8 38. Ra8 h6 39. Kg2 g5 40.
Nc5 Rb5 41. Nd7 Kg7 42. Rxb8 Rd5 43. Rb7 e5 44. Kf3 1-0

[Event "Simferopol/Alushta"]
[Site "Alushta"]
[Date "1992.??.??"]
[Round "?"]
[White "Savon, Vladimir"]
[Black "Kharlov, Andrei"]
[Result "0-1"]
[WhiteElo "2420"]
[BlackElo "2555"]
[PlyCount "88"]
[EventDate "1992.??.??"]
[EventType "tourn"]
[EventRounds "9"]
[EventCountry "UKR"]
[EventCategory "10"]
[SourceTitle "EXT 1997"]
[Source "ChessBase"]
[SourceDate "1996.11.15"]
[SourceVersion "1"]
[SourceVersionDate "1996.11.15"]
[SourceQuality "1"]

1. e4 c5 2. Nf3 Nc6 3. d4 cxd4 4. Nxd4 Nf6 5. Nc3 e5 6. Ndb5 d6 7. Bg5 a6 8.
Na3 b5 9. Bxf6 gxf6 10. Nd5 Bg7 11. g3 f5 12. exf5 Bxf5 13. Bg2 Be6 14. c3 O-O
15. Nc2 a5 16. O-O Kh8 17. a4 Rb8 18. Na3 bxa4 19. Nc4 Rb5 20. Rxa4 f5 21. Qd2
Bxd5 22. Bxd5 Ne7 23. Bg2 d5 24. Na3 Rb8 25. c4 d4 26. Nb5 e4 27. Rxa5 d3 28.
Ra6 Qc8 29. Ra4 Nc6 30. b3 Ne5 31. Ra7 Rb6 32. Qf4 Qb8 33. Ra2 Bh6 34. Qh4 Rbf6
35. Qh5 Ng4 36. Bh3 e3 37. fxe3 Bxe3+ 38. Kh1 Rh6 39. Bxg4 Rxh5 40. Bxh5 f4 41.
Kg2 fxg3 42. Rxf8+ Qxf8 43. Bf3 d2 44. Nc3 Qf6 0-1